[Event "POL-chT3 Podkarpackie"]
[Site "Czudec"]
[Date "2016.06.18"]
[Round "6.13"]
[White "Uryasz, Tomasz"]
[Black "Lach, Dariusz"]
[Result "1-0"]
[WhiteElo "1582"]
[BlackElo "1795"]
[PlyCount "155"]
[EventDate "2016.05.27"]
[EventType "team-tourn"]
[EventRounds "9"]
[EventCountry "POL"]
[SourceTitle "EXT 2018"]
[Source "ChessBase"]
[SourceDate "2017.10.13"]
[SourceVersion "1"]
[SourceVersionDate "2017.10.13"]
[SourceQuality "1"]
[WhiteTeam "Pilzno GKSz Hetman II"]
[BlackTeam "Bystrowice"]
[WhiteTeamCountry "POL"]
[BlackTeamCountry "POL"]

1. e4 c6 2. d4 d5 3. Nc3 e6 4. Nf3 Nf6 5. e5 Nfd7 6. Ne2 c5 7. c3 Nc6 8. Ng3 Be7 9. Bd3 cxd4 10. cxd4 h6 11. 0-0 0-0 12. Re1 Re8 13. a3 Nf8 14. Qd2 f5 15. b4 a6 16. Bb2 Bd7 17. Ne2 g5 18. h4 Kg7 19. Bc1 Nh7 20. g3 Rg8 21. Kg2 Qf8 22. hxg5 hxg5 23. Rh1 Rh8 24. Qd1 Qf7 25. Qb3 g4 26. Bh6+ Kg8 27. Nd2 Bg5 28. Qb2 Bxh6 29. Rxh6 Ng5 30. Rah1 Rxh6 31. Rxh6 Nh3 32. Nf4 Nxf4+ 33. gxf4 Kg7 34. Rh2 Rh8 35. Bf1 Rxh2+ 36. Kxh2 Ne7 37. Qc3 Bc6 38. Qg3 Qh5+ 39. Kg2 Ng6 40. f3 Qh6 41. fxg4 fxg4 42. Qe3 Qxf4 43. Qxf4 Nxf4+ 44. Kf2 Kf7 45. Kg3 Ng6 46. Bd3 Nf8 47. Nb3 Ke7 48. Kf4 Nd7 49. Na5 Nb8 50. Kg5 b6 51. Nb3 Bb5 52. Bxb5 axb5 53. Na1 Nc6 54. Nc2 Nd8 55. Kf4 Nc6 56. Ke3 Kd7 57. Ne1 Nd8 58. Nd3 Nc6 59. Nf4 Ke7 60. Ne2 Kd7 61. Nc3 Na7 62. Kf4 Ke7 63. Kxg4 Kf7 64. Kh5 Nc6 65. Nxb5 Ke7 66. Kg5 Nb8 67. Na7 Nd7 68. Nc6+ Kf7 69. a4 Nf8 70. a5 bxa5 71. bxa5 Nd7 72. a6 Nb6 73. a7 Na8 74. Nb4 Nb6 75. Na6 Na8 76. Kh6 Kf8 77. Kg6 Ke7 78. Kg7 1-0